| 000 | 00622nam a2200157Ia 4500 | ||
|---|---|---|---|
| 003 | Ost | ||
| 005 | 20260507075659.0 | ||
| 008 | 260507s9999||||xx |||||||||||||| ||und|| | ||
| 040 | _cfsecg | ||
| 041 | _aara | ||
| 100 |
_aعبد الحي، مرعي عبد الحي _eمؤلف |
||
| 245 | 0 |
_aالمحاسبة الادارية : _bاساسيات التخطيط و اتخاذ القرارات و الرقابة و تقييم الاداء / _c مرعي عبد الحي عبد الحي |
|
| 260 |
_aالاسكندرية: _bدار الجامعة الجديدة للنشر, _c2001 |
||
| 300 | _a413 صفحة؛ | ||
| 942 | _cكتاب | ||
| 999 |
_c45788 _d45788 |
||